Descriptions décalées de films Disney - Statistiques

Statistiques générales
  • Ce quiz a été pris 289 fois
    84 depuis la dernière actualisation
  • Le résultat moyen est 7 sur 8
Statistiques - réponses
Films avec description Disney à trouver % Correct
Un mec qui vient d'on ne sait pas trop où qui décide de squatter une baraque londonienne car que l'une de ses habitantes est en mode fangirl sur lui. Sa pote la fée est jalouse de la meuf. Aussi le mec n'a pas d'ombre, c'est d'ailleurs pour ça qu'il est là à la base. Peter Pan
98%
Une vioc qui vit tranquilou avec des félins pourris gâtés se fait chourave ses petits protégés parce que son majordome était jaloux de la thune de madame qui est pleine aux as. Finalement les victimes rencontrent d'autres matous, sauf que eux sont des paysans, mais pas grave y'en a un qui tape à l'oeil de l'un des chats et en plus ils sont musiciens ! Les Aristochats
96%
Des clebs. Un couple. Une pétasse qui n'en a rien à foutre de la fondation Brigitte Bardot, et encore moins de la SPA. Tout ce qu'elle veut, c'est un manteau, mais elle a la flemme d'aller en magasin Les 101 Dalmatiens
95%
C'est l'histoire d'une gueuse qui n'en ai pas vraiment une, car issue d'une famille royale, mais kidnappée par une femme qui pétait une durite à la moindre petite ride. Enfermée pendant 16 ans, le confinement de 2020 ne serait clairement pas difficile pour elle. Raiponce
95%
C'est l'histoire d'une meuf à l'accent indéchiffrable qui est tout sauf une princesse. Elle aime le sport et n'en a rien à carrer des traditions royales. A la suite d'un énième rap battle avec sa mère, qui se retrouve dans la peau d'un ours (littéralement), mais une mendiante lui dira comment briser le maléfice. Concrètement, entre l'homme et l'ours, elle choisirait l'ours. Rebelle
95%
Une nana fan de furry et de bouquins. La Belle et la Bête
84%
C'est l'histoire d'une jeune femme qui a également dit merde à la tradition en décidant de faire la castagne. Son crush est hétéro curieux. Mulan
73%
Une gamine de 14 ans. Un mec BEAUCOUP plus âgé qu'elle. De la bouffe pas très fraiche Blanche Neige
66%
Aucun quiz correspondant
Distribution des résultats
% des personnes avec chaque résultat
Percentile par nombre de réponses
Votre historique - résultats
Vous n’avez pas pris ce quiz depuis la dernière actualisation